<?xml version="1.0" encoding="UTF-8"?>
<record
    xmlns:xsi="http://www.w3.org/2001/XMLSchema-instance"
    xsi:schemaLocation="http://www.loc.gov/MARC21/slim http://www.loc.gov/standards/marcxml/schema/MARC21slim.xsd"
    xmlns="http://www.loc.gov/MARC21/slim">

  <leader>01221cam a22002412a 4500</leader>
  <datafield tag="999" ind1=" " ind2=" ">
    <subfield code="c">86224</subfield>
    <subfield code="d">323501</subfield>
  </datafield>
  <controlfield tag="003">OSt</controlfield>
  <controlfield tag="005">20241020153852.0</controlfield>
  <controlfield tag="008">090131s2024    su a   f m    000 0 eng c</controlfield>
  <datafield tag="040" ind1=" " ind2=" ">
    <subfield code="a">Ma-Un</subfield>
    <subfield code="b">ara</subfield>
    <subfield code="c">Ma-Un</subfield>
  </datafield>
  <datafield tag="043" ind1=" " ind2=" ">
    <subfield code="a">a-su---</subfield>
  </datafield>
  <datafield tag="082" ind1="0" ind2="4">
    <subfield code="a">613.71</subfield>
    <subfield code="b">A W E</subfield>
    <subfield code="2">21</subfield>
  </datafield>
  <datafield tag="100" ind1="1" ind2=" ">
    <subfield code="a">Al Anazi, Wael Marzouq</subfield>
    <subfield code="9">118401</subfield>
  </datafield>
  <datafield tag="245" ind1="1" ind2="0">
    <subfield code="a">Evaluation of physical activity profile among health students of Qassim region :</subfield>
    <subfield code="b">A cross sectional study = &#x62A;&#x642;&#x64A;&#x64A;&#x645; &#x646;&#x645;&#x637; &#x627;&#x644;&#x646;&#x634;&#x627;&#x637; &#x627;&#x644;&#x628;&#x62F;&#x646;&#x64A; &#x628;&#x64A;&#x646; &#x637;&#x644;&#x627;&#x628; &#x627;&#x644;&#x62A;&#x62E;&#x635;&#x635;&#x627;&#x62A; &#x627;&#x644;&#x635;&#x62D;&#x64A;&#x629; &#x641;&#x64A; &#x645;&#x646;&#x637;&#x642;&#x629; &#x627;&#x644;&#x642;&#x635;&#x64A;&#x645; : &#x62F;&#x631;&#x627;&#x633;&#x629; &#x645;&#x642;&#x637;&#x639;&#x64A;&#x629; /</subfield>
    <subfield code="c">Prepared by Wael Marzouq Al Anazi &#x61B; Mohammad Miraj.</subfield>
  </datafield>
  <datafield tag="246" ind1="3" ind2="1">
    <subfield code="a">&#x62A;&#x642;&#x64A;&#x64A;&#x645; &#x646;&#x645;&#x637; &#x627;&#x644;&#x646;&#x634;&#x627;&#x637; &#x627;&#x644;&#x628;&#x62F;&#x646;&#x64A; &#x628;&#x64A;&#x646; &#x637;&#x644;&#x627;&#x628; &#x627;&#x644;&#x62A;&#x62E;&#x635;&#x635;&#x627;&#x62A; &#x627;&#x644;&#x635;&#x62D;&#x64A;&#x629; &#x641;&#x64A; &#x645;&#x646;&#x637;&#x642;&#x629; &#x627;&#x644;&#x642;&#x635;&#x64A;&#x645; :</subfield>
    <subfield code="b">&#x62F;&#x631;&#x627;&#x633;&#x629; &#x645;&#x642;&#x637;&#x639;&#x64A;&#x629;</subfield>
  </datafield>
  <datafield tag="264" ind1=" " ind2=" ">
    <subfield code="a">2024</subfield>
    <subfield code="c">1445</subfield>
  </datafield>
  <datafield tag="300" ind1=" " ind2=" ">
    <subfield code="a">87 sheets :</subfield>
    <subfield code="b">illustrations &#x61B;</subfield>
    <subfield code="c">30 cm.</subfield>
  </datafield>
  <datafield tag="500" ind1=" " ind2=" ">
    <subfield code="a">Mohammad Miraj.</subfield>
  </datafield>
  <datafield tag="502" ind1=" " ind2=" ">
    <subfield code="a">Thesis (Master) - Al-Majmaah University, College of Applied Medical Sciences, Department of Physical Therapy and Health Rehabilitation, 1445.</subfield>
  </datafield>
  <datafield tag="504" ind1=" " ind2=" ">
    <subfield code="a">Includes bibliographical references.</subfield>
  </datafield>
  <datafield tag="650" ind1=" " ind2="7">
    <subfield code="a">Exercise</subfield>
    <subfield code="x">Health aspects</subfield>
    <subfield code="9">11222</subfield>
  </datafield>
  <datafield tag="650" ind1=" " ind2="7">
    <subfield code="a">Physical Therapy</subfield>
    <subfield code="9">118402</subfield>
  </datafield>
  <datafield tag="942" ind1=" " ind2=" ">
    <subfield code="2">ddc</subfield>
    <subfield code="c">THESIS</subfield>
  </datafield>
  <datafield tag="952" ind1=" " ind2=" ">
    <subfield code="1">0</subfield>
    <subfield code="2">2024-10-16</subfield>
    <subfield code="4">0</subfield>
    <subfield code="7">1</subfield>
    <subfield code="a">613.71 A W E</subfield>
    <subfield code="d">2024-10-16</subfield>
    <subfield code="h">CL</subfield>
    <subfield code="i">00505028</subfield>
    <subfield code="m">CL</subfield>
    <subfield code="r">2024-10-16 00:00:00</subfield>
    <subfield code="t">THESIS</subfield>
    <subfield code="w">ddc</subfield>
    <subfield code="y">0</subfield>
  </datafield>
</record>
